| 000 | 00832nab a2200253 u 4500 | ||
|---|---|---|---|
| 001 | 12384 | ||
| 003 | HDC | ||
| 007 | cr bn ---aaaaa | ||
| 008 | 210209c20120720my dr|nes 0 a may d | ||
| 040 | _aHDC | ||
| 100 |
_aBazli Abdul Rahman _eauthor _911100 |
||
| 245 | 0 |
_aIstimewanya Santan Padang / oleh _cBazli Abdul Rahman |
|
| 260 |
_aKuala Lumpur : _bUtusan Melayu (M) Bhd., _c2012 |
||
| 336 |
_atext _2rdacontent |
||
| 337 |
_acomputer _2rdamedia |
||
| 338 |
_aonline resource _2rdacarrier |
||
| 650 |
_acoconut milk _912974 |
||
| 650 |
_aFood products _92068 |
||
| 710 | _aUtusan Malaysia | ||
| 856 | _zRequest full-text at [email protected] | ||
| 942 | _2lcc | ||
| 942 | _cNEWS | ||
| 942 | _kNWSC 000105 | ||
| 999 |
_c9707 _d9707 |
||